000 00555cam a22002051 4500
001 ne 62000277
003 DLC
005 20260227111734.0
008 890324s1933 tu a 000 0ctur
010 _ane 62000277
035 _a(OCoLC)23569481
040 _aDLC
_cMiU
_dDLC
042 _apremarc
050 0 0 _aPL248.N428
_bZ65
100 1 _aErgun, Sadettin Nüzhet.
245 0 0 _aNeşatî,
_bhayatı ve eserleri.
260 _a[İstanbul]
_bKanaat Kütüphanesi,
_c1933.
300 _alxi, 151, [8] p.
_billus.
_c18 cm.
600 0 0 _aNeşatî,
_d-1674.
999 _c45028
_d45028